Vietnám turizmusának komplex elemzése

Bibliographic Details
Main Author: Vu Hoang Anh
Other Authors: Szalók Dr. Csilla
Format: Thesis
Kulcsszavak:Vietnám
gasztronómia
Amerikai háború
Online Access:http://dolgozattar.uni-bge.hu/15865

MARC

LEADER 00000nta a2200000 i 4500
001 dolg15865
005 20181203151855.0
008 180508suuuu hu om 000 hun d
040 |a BGE Dolgozattár Repozitórium  |b hun 
041 |a hu 
100 1 |a Vu Hoang Anh 
245 1 0 |a Vietnám turizmusának komplex elemzése  |c Vu Hoang Anh  |h [elektronikus dokumentum] 
246 1 1 |a Vietnám turizmusának komplex elemzése 
520 3 |a Vietnám turizmusának komplex elemzése 
695 |a Vietnám 
695 |a gasztronómia 
695 |a Amerikai háború 
700 1 |a Szalók Dr. Csilla  |e ths 
856 4 0 |u http://dolgozattar.uni-bge.hu/15865/1/Vu%20Hoang%20Anh-szakdolgozat.pdf  |z Dokumentum-elérés